Les compétitions avec leurs trophées - Statistiques

Statistiques générales
  • Ce quiz a été pris 35 fois
  • Le résultat moyen est 7 sur 12
Statistiques - réponses
Par images Réponse % Correct
Coupe du Monde
100%
Ligue des Champions
81%
Bundesliga
68%
Premier League
65%
Liga
61%
Coupe de France
55%
Euro
55%
Coupe d'Afrique des Nations
48%
Ligue 1
48%
Serie A
45%
Copa America
39%
Ligue Europa
26%
Aucun quiz correspondant
Distribution des résultats
% des personnes avec chaque résultat
Percentile par nombre de réponses
Votre historique - résultats
Vous n’avez pas pris ce quiz